000 00220nam a2200085Ia 4500
008 180219s9999 xx 000 0 und d
100 _aBhattacharya Srinibas
245 0 _aPsychilogical Foundation Of Education
260 _a"Delhi
260 _cAtlantic"
999 _c42998
_d42998